000 01006nam a22003257a 4500
003 CHAP
005 20220329141615.0
008 971013s1954 r 00010 d
010 _a70917
011 _a71889
035 _a81443
040 _cCHAP
082 _a532
_bD38f 1954
100 0 0 _aDaugherty, Robert L.
_931140
245 _aFluid mechanics with engineering applications
250 _a5 ed.
260 _aNew York :
_bMcGraw-Hill,
_c1954
300 _a472 p.
590 _aBATCH-UPD
_b10
_c20130110
_lUCH01
_h0713
590 _aBATCH-UPD
_b10
_c20130110
_lUCH01
_h2345
590 _aBATCH-UPD
_b10
_c20130410
_lUCH01
_h0358
590 _aBATCH-UPD
_b10
_c20130914
_lUCH01
_h1613
590 _aCONVERSION
_b10
_c20130109
_lUCH01
_h1339
650 1 4 _aHidrĂ¡ulica.
_955219
700 0 _aIngersoll, A. C.
_958318
901 _aBK
942 _cLIBRO
949 _a532 D38f 1954
_bBC
_cLIBRO
_d33724000393906
_eLIBRO
_i81443
_si
949 _a532 D38f 1954
_bBC
_cLIBRO
_d33724000393914
_eLIBRO
_fc.2
_i81443
_si
999 _c70917
_d70917